| 000 | 00605nam a22002057a 4500 | ||
|---|---|---|---|
| 005 | 20150727122545.0 | ||
| 008 | 130730b2010 ck ||||| |||| 00| 0 spa d | ||
| 040 |
_aCO-BoIAVH _cCO-BoIAVH |
||
| 041 | _aspa | ||
| 044 | _ack | ||
| 090 | _aEA-00299 | ||
| 110 |
_aECOPETROL _bCoordinación General _936284 |
||
| 245 | 1 | 0 | _aGestión Ambiental |
| 246 | _aEstrategia de Gestión Ambiental | ||
| 260 |
_aBogotá _bECOPETROL _c2010 |
||
| 300 |
_a30 p. _bil., tablas _c28 cm. |
||
| 650 |
_aGestiíon Ambiental _zColombia _936285 |
||
| 650 |
_aEstrategias de gestión ambiental _zColombia _936286 |
||
| 942 |
_2z _cLIBRO |
||
| 999 |
_c7487 _d7487 |
||